<?xml version="1.0" encoding="UTF-8"?>
<record
    xmlns:xsi="http://www.w3.org/2001/XMLSchema-instance"
    xsi:schemaLocation="http://www.loc.gov/MARC21/slim http://www.loc.gov/standards/marcxml/schema/MARC21slim.xsd"
    xmlns="http://www.loc.gov/MARC21/slim">

  <leader>03640nam a22003377a 4500</leader>
  <controlfield tag="003">OSt</controlfield>
  <controlfield tag="005">20240817002658.0</controlfield>
  <controlfield tag="007">cr ||||||a|c|a</controlfield>
  <controlfield tag="008">240802s2023    mx a|||fom||| 001 0 spa d</controlfield>
  <datafield tag="040" ind1=" " ind2=" ">
    <subfield code="e">rda</subfield>
  </datafield>
  <datafield tag="100" ind1="1" ind2=" ">
    <subfield code="a">Flores Lupercio, Fatima Marlene</subfield>
    <subfield code="9">189347</subfield>
  </datafield>
  <datafield tag="245" ind1="1" ind2="0">
    <subfield code="a">Efecto de los inductores de resistencia in vitro y en  campo de la incidencia de la ro&#xF1;a (Cladosporium tenuissimum) en durazno /</subfield>
    <subfield code="c">por Fatima Marlene Flores Lupercio; director de tesis Santos Gerardo Leyva Mir; secretario Isabel Nativitas Lima; vocal Moises Camacho Tapia; suplente Calixto Leopoldo Carrillo Fonseca; suplente Alondra Astudillo Gregorio.</subfield>
  </datafield>
  <datafield tag="264" ind1=" " ind2="1">
    <subfield code="a">Chapingo, M&#xE9;xico :</subfield>
    <subfield code="b">El autor,</subfield>
    <subfield code="c">2023.</subfield>
  </datafield>
  <datafield tag="300" ind1=" " ind2=" ">
    <subfield code="a">1 recurso en l&#xED;nea (42 p&#xE1;ginas):</subfield>
    <subfield code="b">cuadros, figuras.</subfield>
  </datafield>
  <datafield tag="336" ind1=" " ind2=" ">
    <subfield code="2">rdacontent</subfield>
    <subfield code="a">texto</subfield>
    <subfield code="b">txt</subfield>
  </datafield>
  <datafield tag="337" ind1=" " ind2=" ">
    <subfield code="2">rdamedia</subfield>
    <subfield code="a">computadora</subfield>
    <subfield code="b">c</subfield>
  </datafield>
  <datafield tag="338" ind1=" " ind2=" ">
    <subfield code="2">rdacarrier</subfield>
    <subfield code="a">recurso en l&#xED;nea</subfield>
    <subfield code="b">cr</subfield>
  </datafield>
  <datafield tag="502" ind1=" " ind2=" ">
    <subfield code="b">IAEPA</subfield>
    <subfield code="c">Parasitolog&#xED;a</subfield>
    <subfield code="d">2023.</subfield>
    <subfield code="g">LIC</subfield>
  </datafield>
  <datafield tag="504" ind1=" " ind2=" ">
    <subfield code="a">Incluye referencias bibliogr&#xE1;ficas: p&#xE1;ginas 21-22,37-39.</subfield>
  </datafield>
  <datafield tag="520" ind1=" " ind2=" ">
    <subfield code="a">La ro&#xF1;a del durazno causada por Cladosporium tenuissimum es una enfermedad econ&#xF3;micamente significativa. Los principales da&#xF1;os causados son el manchado de la fruta y cancros en ramitas. La producci&#xF3;n de esporas ocurre en ramitas de 1 a&#xF1;o, mucho antes de que se rompa el c&#xE1;liz y contin&#xFA;a por 5 a 6 semanas, en este periodo es esencial su control. Se recomienda utilizar fungicidas como clorotalonil, captan, azoxistrobin y productos a base de azufre. Sin embargo, es necesario considerar nuevas estrategias de manejo con base a la comprensi&#xF3;n de los mecanismos de resistencia de la fruta preexistentes e inducibles. Los inductores sint&#xE9;ticos son peque&#xF1;as mol&#xE9;culas que inducen respuesta de inmunidad en las plantas, los cuales son estructuralmente diferentes de los inductores de defensa naturales de las plantas. La presente investigaci&#xF3;n se llev&#xF3; a cabo con los siguientes objetivos: 1) Evaluar la sensibilidad in vitro de Cladosporium tenuissimum a los inductores Acibenzoalar-S-Metil y fosfito de potasio. 2) Evaluar el efecto en campo de Acibenzolar-S-Metil y fosfito de potasio en combinaci&#xF3;n con fungicidas para el control de la ro&#xF1;a Cladosporium tenuissimum. Para evaluar el efecto de los inductores in vitro se realizaron pruebas de sensibilidad con los siguientes tratamientos: Acibenzolar-S-Metil (ACTIGAR) a dosis de 25, 50 y 100 mg&#xB7;L1, fosfito de potasio (HORTIKEM PHOS K&#xAE;) a dosis 1, 2 y 3 mL1 y captan (CAPTAN 50 WP) a dosis de 100 y 200 mg&#xB7;L1. Se midi&#xF3; el crecimiento micelial diariamente con un vernier digital y se calcul&#xF3; la eficacia biol&#xF3;gica con la f&#xF3;rmula de Abbott. Para los ensayos de campo; se realizaron tres aplicaciones de los inductores en conjunto con los fungicidas, estas aplicaciones se realizaron a los 40, 80 y 110 d&#xED;as despu&#xE9;s de la floraci&#xF3;n. Los fungicidas que se utilizaron para las aplicaciones en campo fueron captan (CAPTAN 50 WP &#xAE;), clorotalonil (BRAVO&#xAE; 720) y tiofanato met&#xED;lico (CERCOBIN&#xAE;).</subfield>
  </datafield>
  <datafield tag="650" ind1=" " ind2="2">
    <subfield code="a">Durazno</subfield>
    <subfield code="x">Enfermedades por hongos</subfield>
    <subfield code="x">Control</subfield>
    <subfield code="9">189052</subfield>
  </datafield>
  <datafield tag="650" ind1=" " ind2="2">
    <subfield code="a">Cladosporium tenuissimum</subfield>
    <subfield code="x">Control</subfield>
    <subfield code="9">189348</subfield>
  </datafield>
  <datafield tag="650" ind1=" " ind2="2">
    <subfield code="a">Fungicidas</subfield>
    <subfield code="x">Aplicaci&#xF3;n</subfield>
    <subfield code="9">126604</subfield>
  </datafield>
  <datafield tag="700" ind1="1" ind2=" ">
    <subfield code="a">Leyva Mir, Santos Gerardo</subfield>
    <subfield code="e">Director de tesis.</subfield>
    <subfield code="9">66581</subfield>
  </datafield>
  <datafield tag="700" ind1="1" ind2=" ">
    <subfield code="a">Nativitas Lima, Isabel</subfield>
    <subfield code="9">129577</subfield>
    <subfield code="e">Secretario.</subfield>
  </datafield>
  <datafield tag="700" ind1="1" ind2=" ">
    <subfield code="a">Camacho Tapia, Moises</subfield>
    <subfield code="9">17710</subfield>
    <subfield code="e">Vocal.</subfield>
  </datafield>
  <datafield tag="700" ind1="1" ind2=" ">
    <subfield code="a">Carrillo Fonseca, Calixto Leopoldo</subfield>
    <subfield code="9">19482</subfield>
    <subfield code="e">Suplente.</subfield>
  </datafield>
  <datafield tag="700" ind1="1" ind2=" ">
    <subfield code="a">Astudillo Gregorio, Alondra</subfield>
    <subfield code="9">188300</subfield>
    <subfield code="e">Suplente.</subfield>
  </datafield>
  <datafield tag="856" ind1=" " ind2=" ">
    <subfield code="u">http://10.13.5.2/tesis/tl/1010361-8_FLORES_LUPERCIO_FATIMAMARLENE.pdf</subfield>
    <subfield code="z">DESCARGAR PDF</subfield>
  </datafield>
  <datafield tag="942" ind1=" " ind2=" ">
    <subfield code="2">Clasificaci&#xF3;n Universidad Aut&#xF3;noma Chapingo</subfield>
    <subfield code="c">TD</subfield>
  </datafield>
  <datafield tag="999" ind1=" " ind2=" ">
    <subfield code="c">220049</subfield>
    <subfield code="d">220049</subfield>
  </datafield>
  <datafield tag="952" ind1=" " ind2=" ">
    <subfield code="0">0</subfield>
    <subfield code="1">0</subfield>
    <subfield code="2">local</subfield>
    <subfield code="4">0</subfield>
    <subfield code="5">1</subfield>
    <subfield code="7">0</subfield>
    <subfield code="8">TesDigL</subfield>
    <subfield code="a">BD</subfield>
    <subfield code="b">BD</subfield>
    <subfield code="c">E_L</subfield>
    <subfield code="d">2024-08-02</subfield>
    <subfield code="l">0</subfield>
    <subfield code="o">Tesis digital</subfield>
    <subfield code="r">2024-08-02 13:25:27</subfield>
    <subfield code="w">2024-08-02</subfield>
    <subfield code="y">TD</subfield>
  </datafield>
</record>
